000 00769nam a2200241Ia 4500
008 220216s9999 xx 000 0 und d
100 _aYunus N.A
245 0 _aThermal stability and rheological properties of epoxidized natural rubber based magnetorheological elastomer
260 _bInternational Journal of Molecular Sciences
_c2019
500 _aSource Year: 2019
650 _aEpoxidised natural rubber
650 _aMagnetorheological elastomers
650 _aRheological properties
650 _aThermal properties
650 _aThermal stability
700 _aAbdul Aziz S.A
700 _aAbdul Wahab N.A
700 _aMazlan S.A
700 _aShilan S.A
700 _aUbaidillah
856 _uCopy (doi:10.3390.ijms20030746)
942 _cJS
999 _c71235
_d71235